Canto general

Guardat en:
Dades bibliogràfiques
Autor principal: Neruda, Pablo (autor)
Format: Llibre
Idioma:espanyol
Publicat: Buenos Aires Planeta 2003
Edició:1a. ed
Col·lecció:Biblioteca Breve
Matèries:
Etiquetes: Afegir etiqueta
Sense etiquetes, Sigues el primer a etiquetar aquest registre!

MARC

LEADER 00000nam a2200000 a 4500
001 UCK4327
003 CL-VaPUC
008 050603e20030000AG |||||||||||||||||spa|d
020 |a 9507313710 
082 0 4 |a Ch861  |b NER  |2 21 
100 |a Neruda, Pablo  |e autor  |9 306531 
245 1 0 |a Canto general 
250 |a 1a. ed 
300 |a 462 p 
942 |c BK 
945 |d 20050603 00:00:00  |a cmena 
260 |a Buenos Aires  |b Planeta  |c 2003 
650 0 |a Poesías chilenas   |9 265280 
650 0 |a Literatura chilena   |9 308278 
583 |a last modification  |c 20050603 00:00:00  |k Rodrigo Vera 
490 0 |a Biblioteca Breve 
999 |c 313214  |d 313212 
952 |0 0  |1 0  |4 0  |6 CH_861_000000000000000_NER_2003  |7 0  |8 R  |9 384358  |a BIBEDU  |b BIBEDU  |c MCIRC  |d 2019-11-22  |i 4130944  |o Ch861 NER 2003  |p 4130944  |r 2023-01-13  |w 2019-11-22  |y BK_R  |k LIT